Statistics for NBA Player by Picture (Medium)

Click here to take the quiz!

General Stats

  • This quiz has been taken 23 times
  • The average score is 7 of 16

Answer Stats

Answer% Correct
Baron Davis
75%
Tyus Jones
65%
Nate Thurmond
60%
Bernard King
55%
Jo Jo White
55%
Sidney Moncrief
55%
Kirk Hinrich
50%
Lenny Wilkens
45%
Vernon Maxwell
40%
Kerry Kittles
35%
Sean Elliott
30%
Keith Van Horn
25%
Omer Asik
25%
Shelvin Mack
25%
Isaiah Rider
20%
Gail Goodrich
15%

Score Distribution

Percentile by Number Answered

Percent of People with Each Score

Your Score History

You have not taken this quiz